First Lines of Led Zeppelin Songs - Statistics

General Stats
  • This quiz has been taken 2,707 times
    2,706 since last reset
  • The average score is 8 of 15
Answer Stats
Hint Answer % Correct
There's a lady who's sure all that glitters is gold Stairway to Heaven
95%
Hey, hey, mama, said the way you move, gonna make you sweat, gonna make you groove. Black Dog
90%
You need coolin', baby, I'm not foolin' Whole Lotta Love
88%
We come from the land of the ice and snow Immigrant Song
83%
Oh let the sun beat down upon my face, stars to fill my dream Kashmir
72%
In the days of my youth, I was told what it means to be a man Good Times Bad Times
63%
Leaves are falling all around, It's time I was on my way Ramble On
60%
Hangman, hangman, hold it a little while Gallows Pole
42%
Hey, girl, stop what you're doin'! Communication Breakdown
31%
It was an April morning when they told us we should go Achilles' Last Stand
27%
Queen of Light took her bow, And then she turned to go The Battle of Evermore
27%
I had a dream. Crazy dream. The Song Remains the Same
23%
Should I fall out of love, my fire in the light All My Love
21%
Then as it was, then again it will be Ten Years Gone
19%
Hear my baby comin' down the track We're Gonna Groove
10%
No matching quizzes found
Score Distribution
Percent of People with Each Score
Percentile by Number Answered
Your Score History
You have not taken this quiz since the last reset